El Sistema de la Integración Centroaméricana
El presente documento contiene el Protocolo de Tegucigalpa, instrumento jurídico relacionado con la constitución del Sistema de Integración Centroamericana (SICA)
Guardado en:
| Autor Corporativo: | |
|---|---|
| Formato: | Texto |
| Publicado: |
San Salvador:
SG-SICA
|
| Materias: | |
| Etiquetas: |
Agregar Etiqueta
Sin Etiquetas, Sea el primero en etiquetar este registro!
|
MARC
| LEADER | 00000 a a2200000 04500 | ||
|---|---|---|---|
| 001 | 32767 | ||
| 003 | |||
| 040 | |||
| 090 | |a 204300 | ||
| 110 | |a Secretaría General del Sistema de Integración Centroaméricana | ||
| 245 | |a El Sistema de la Integración Centroaméricana | ||
| 260 | |a San Salvador: |b SG-SICA | ||
| 300 | |a 95 p. | ||
| 520 | |a El presente documento contiene el Protocolo de Tegucigalpa, instrumento jurídico relacionado con la constitución del Sistema de Integración Centroamericana (SICA) | ||
| 650 | |a AMERICA CENTRAL | ||
| 650 | |a INTEGRACION REGIONAL | ||
| 650 | |a ORGANIZACIONES INTERNACIONALES | ||
| 650 | |a LEGISLACION | ||
| 999 | |c 745 |d 745 | ||
